000 00683nam a2200205 a 4500
001 000009180
005 20240412074210.0
008 090928s1945 dr c 000 p spa d
040 _aDO-SdBNP
_bspa
_cBNPHU
082 _aRD861.3
_bF438t
100 1 _aFiallo, Alberto
_d1864-
_923849
245 1 0 _aEn tono violeta :
_bpoesías /
_cAlberto Fiallo, Ramona Fiallo.
260 _aCiudad Trujillo, República Dominicana :
_bPol Hermanos,
_c1945.
300 _a147 p. :
_bil., retrs. ;
_c21 cm.
590 _aInventariado, 2018/LP
650 0 _aPoesía dominicana
_966
650 0 _aLiteratura dominicana.
_967
700 1 _aFiallo, Ramona
_923850
910 _aValidado. Control de calidad MFF
999 _c8943
_d8943